| 000 | 00835nam a2200217 i 4500 | ||
|---|---|---|---|
| 001 | bg | ||
| 100 | 1 | _aKAPELKO, Aleksander | |
| 245 | 0 |
_aUwarunkowania techniczno-ekonomiczne modyfikacji tworzyw cementowych wybranymi domieszkami chemicznymi / _cAleksander Kapelko. |
|
| 260 |
_aWrocław : _bWydaw. PW, _c1992. |
||
| 300 |
_a219 s. : _bwykr. ; _c24 cm. |
||
| 490 | 1 |
_aPrace Naukowe Instytutu Budownictwa Politechniki Wrocławskiej. Monografie, _v26 |
|
| 500 | _aSer. gł. : 0324-9875 ; 62. | ||
| 504 | _aBibliogr. s. 203-214. | ||
| 710 | _aPOLITECHNIKA WROCŁAWSKA (Wrocław) Instytut Budownictwa | ||
| 830 | 0 |
_aPrace Naukowe Instytutu Budownictwa Politechniki Wrocławskiej. _pMonografie ; _v26 |
|
| 040 | _cBPK | ||
| 041 | _apol | ||
| 080 | _a666.94:666.97/.98:691 | ||
| 942 | _cKS | ||
| 008 | s pl f |000 0 pol | ||
| 999 |
_c30004 _d30004 |
||
| 856 |
_uhttp://koha.tu.koszalin.pl/cgi-bin/koha/opac-detail.pl?biblionumber=30004 _yKatalog online BPK |
||